Geography Quiz

Random Geography or State Quiz

'O' States Blitz Quiz Stats

Quiz Updated Nov 12, 2014

Also try: 'O'-Less States
Challenge
Share
Tweet
Embed
Score 0/27 Timer 01:30
1 Play Today
% Correct
Ohio
89.5%
Oregon
88.7%
North Dakota
88.3%
Florida
88%
North Carolina
87%
South Dakota
86.3%
South Carolina
85.4%
California
84.6%
Georgia
79.4%
Oklahoma
77.1%
New York
77.1%
Colorado
75%
Montana
74.3%
Washington
71.8%
% Correct
Arizona
71.5%
Idaho
70.9%
Iowa
69.8%
New Mexico
69.6%
Illinois
69.1%
Missouri
66.5%
Louisiana
65.3%
Vermont
64.6%
Wyoming
64.5%
Connecticut
62.9%
Minnesota
61.9%
Rhode Island
58.1%
Wisconsin
57.9%

You're not logged in!

Compare scores with friends on all Sporcle quizzes.
Sign Up with Email
OR
Log In

You Might Also Like...

Show Comments

Extras

Top Quizzes Today


Score Distribution

Your Account Isn't Verified!

In order to create a playlist on Sporcle, you need to verify the email address you used during registration. Go to your Sporcle Settings to finish the process.